000 00530nam a2200169 i 4500
001 29968
003 ES-MaACL
005 20230906154122.0
007 t|
008 030123q1930 sp |||| | spa d
100 1 _aBaroja, Ricardo,
_d1871-1953
_925759
245 1 4 _aLos tres retratos
_b: (novela) /
_cRicardo Baroja.
260 _aMadrid :
_bCompañía Ibero-Americana de Publicaciones,
_c[1930] (
_fCía. General de Artes Gráficas)
300 _a238 p. ;
_c16 cm.
852 _aES-MaACL
_jE-1225
999 _c29968
_d29968